Emotions Survey - Statistics

General Stats
  • This quiz has been taken 34 times
  • The average score is 6 of 22
Answer Stats
Question Tile Select % Correct
What's making you feel that emotion? (i cant delete this one) No
81%
What's making you feel that emotion? Something in real life Yes
68%
How often have you cried in the past week? Not at all Yes
52%
How are you feeling? Something else Yes
52%
Do you feel like you belong? Sometimes Yes
35%
Are you able to change how you are feeling? Maybe Yes
32%
Are you able to change how you are feeling? Yes Yes
32%
How are you feeling? Happy Yes
29%
Are you able to change how you are feeling? Not sure Yes
29%
How often have you cried in the past week? Rarely Yes
23%
How are you feeling? Sad Yes
23%
Do you feel like you belong? Yes Yes
16%
Do you feel like you belong? A little bit Yes
13%
Do you feel like you belong? No Yes
13%
Do you feel like you belong? Not sure Yes
13%
How often have you cried in the past week? Sometimes Yes
13%
Are you able to change how you are feeling? No Yes
10%
What's making you feel that emotion? Something else Yes
10%
How often have you cried in the past week? Almost all the time Yes
6%
Do you feel like you belong? A lot Yes
6%
How are you feeling? Angry Yes
6%
What's making you feel that emotion? Something online Yes
3%
No matching quizzes found
Score Distribution
Percent of People with Each Score
Percentile by Number Answered
Your Score History
You have not taken this quiz